Plus de 30 buts en LDC - Mort subite - Statistiques

Statistiques générales
  • Ce quiz a été pris 73 fois
  • Le résultat moyen est 3 sur 15
Answers on the Grid
Answers color-coded by a green-red scale on the quiz's grid according to % correct below.
Thomas Müller
Raúl
Wayne Rooney
Didier Drogba
Edinson Cavani
Vinicius Junior
Kaká
Fernando Morientes
Arjen Robben
Alessandro Del Piero
Antoine Griezmann
Neymar
Ruud van Nistelrooy
Samuel Eto'o
Sergio Agüero
Marco van Basten
Romário
David Villa
Diego Forlán
Sergio Ramos
Edin Dzeko
Patrick Kluivert
Ryan Giggs
Gabriel Jesus
Luis Suárez
Jean-Pierre Papin
Gonzalo Higuaín
Ángel Di María
Luís Figo
Robin van Persie
 
Statistiques - réponses
Réponse % Correct
Thomas Müller
41%
Raúl
36%
Ruud van Nistelrooy
34%
Antoine Griezmann
30%
Neymar
23%
Samuel Eto'o
23%
Vinicius Junior
23%
Didier Drogba
18%
Wayne Rooney
18%
Edinson Cavani
16%
Sergio Agüero
14%
Alessandro Del Piero
11%
Arjen Robben
9%
Kaká
9%
Fernando Morientes
2%
Aucun quiz correspondant
Distribution des résultats
% des personnes avec chaque résultat
Percentile par nombre de réponses
Votre historique - résultats
Vous n’avez pas pris ce quiz